00765nam a2200217Ia 4500003000900000008004100009020002200050040001600072080002000088100002800108245011300136260002900249300001400278650002900292650001900321650002700340650002100367942000700388999001700395952013500412IN-BaIIA211028s9999 xx 000 0 eng d a978-0-387-78792-3 cIIA Library a621.396.67bGAW aGawronski, Wodek932776 0aModeling and control of antennas and telescopescWodek Gawronski  aNew YorkbSpringerc2008 axv, 225p. aAnalytical models932777 aAntennas92176 aLog controllers932778 aTelescopes91997 cBK c17378d17378 00104070aBANbBANcGENd2009-07-21eANJ g540.00l0o621.396.67/ GAWp18300r2021-11-05v540.00w2009-07-21yBKGRs. 540.00